000 00424nam a2200181Ia 4500
001 17207
005 20260306170408.0
008 260306t2008||||xx |||||||||||||| ||und||
041 _aESP
082 _a657.61
_bA93 2008
100 _aAyala Zavala, Pascual
_eAUT
245 0 _aNuevo plan contable general empresarial
260 _c2008
300 _a
_c
650 _aGEN
654 _aCCO
942 _cLIB
_dJUS
_fJUS
_2ddc
_n
999 _c17207
_d17207